| 000 | 00552nam a2200181 a 4500 | ||
|---|---|---|---|
| 005 | 20210223124750.0 | ||
| 008 | 021024s1979 mx r 000 0 spa d | ||
| 035 | _aUPN01000120447 | ||
| 049 | _aCG | ||
| 050 | 4 |
_aLB2806 _bM36 |
|
| 100 | 1 | _aSnodgrass, Donald R. | |
| 245 | 0 | 0 |
_aManpower planning analysis in developing countries : _bthe of the art. |
| 260 |
_aCambridge, U.S.A. : _bHIFID, _c1979. |
||
| 300 | _a66 p. | ||
| 440 | 0 |
_aDevelopment discussion paper ; _v64 |
|
| 650 | 4 |
_aEDUCACION - _xPLANIFICACION - _zESTADOS UNIDOS _915107 |
|
| 905 | _aLibro | ||
| 999 |
_c92781 _d92781 |
||